|
|
|
|
| LEADER |
01408ppm a22003138a 4500 |
| 001 |
00031136 |
| 005 |
20171026081025.0 |
| 008 |
130916s2012 ||||||viesd |
| 041 |
0 |
# |
|a vie
|
| 082 |
1 |
4 |
|a 576.807
|b TH308K
|
| 100 |
1 |
# |
|a Khưu, Thanh Tuyết Lê
|
| 245 |
0 |
0 |
|a Thiết kế bài tập tình huống để rèn luyện kỹ năng phân tích, tổng hợp cho học sinh trong dạy học phần tiến hóa bậc trung học phổ thông
|b Luận văn thạc sĩ giáo dục học. Chuyên ngành: Lý luận và phương pháp dạy học Sinh học. Mã số: 60.14.10
|c Khưu Thanh Tuyết Lê; Phan Thị Thanh Hội (hướng dẫn)
|
| 260 |
# |
# |
|a Vinh
|b Đại học Vinh
|c 2012
|
| 300 |
# |
# |
|a 71 tr + phụ lục.
|c 30cm.
|
| 500 |
# |
# |
|a ĐTTTS ghi: Bộ giáo dục và đào tạo. Trường Đại học Vinh
|
| 653 |
# |
# |
|a Dạy học Sinh học
|
| 653 |
# |
# |
|a Luận văn
|
| 653 |
# |
# |
|a tiến hóa
|
| 653 |
# |
# |
|a thiết kế bài tập
|
| 653 |
# |
# |
|a THPT
|
| 653 |
# |
# |
|a giáo dục học
|
| 653 |
# |
# |
|a rèn luyện kỹ năng
|
| 700 |
1 |
# |
|a Phan, Thị Thanh Hội
|e Hướng dẫn
|
| 852 |
# |
# |
|j LV.0000276
|
| 852 |
# |
# |
|b Kho đọc SĐH
|j LV.0000276
|
| 910 |
|
|
|d 16/09/2013
|
| 980 |
# |
# |
|a Trung tâm Học liệu Lê Vũ Hùng, Trường Đại học Đồng Tháp
|